|
|
|
|
| LEADER |
00000nam0a2200000 4500 |
| 001 |
305842 |
| 005 |
20231102001835.0 |
| 020 |
|
|
|a RU
|b 83-48245
|
| 035 |
|
|
|a (RuTPU)RU\TPU\book\331117
|
| 090 |
|
|
|a 305842
|
| 100 |
|
|
|a 20151001d1983 km y0rusy5003 ca
|
| 101 |
0 |
|
|a rus
|
| 102 |
|
|
|a RU
|
| 105 |
|
|
|a y z 001zy
|
| 200 |
1 |
|
|a Диалектика рефлексивной деятельности и научное познание
|f Северо-Кавказский научный центр высшей школы (СКНЦ ВШ) ; под ред. Е. Я. Режабека
|
| 210 |
|
|
|a Ростов-на-Дону
|c Изд-во Ростовского ун-та
|d 1983
|
| 215 |
|
|
|a 240 с.
|
| 300 |
|
|
|a Авт. указаны в огл.
|
| 320 |
|
|
|a Библиогр.: с. 233-239
|
| 606 |
1 |
|
|a Научное познание
|x Диалектика
|2 stltpush
|3 (RuTPU)RU\TPU\subj\45132
|9 64394
|
| 610 |
1 |
|
|a теория познания
|
| 610 |
1 |
|
|a диалектический материализм
|
| 610 |
1 |
|
|a рефлексивность
|
| 610 |
1 |
|
|a рефлексивные теории
|
| 610 |
1 |
|
|a смысл жизни
|
| 610 |
1 |
|
|a рефлексия
|
| 610 |
1 |
|
|a самоотнесение
|
| 610 |
1 |
|
|a естественнонаучное познание
|
| 686 |
|
|
|a Ю251.1
|2 rubbk
|
| 702 |
|
1 |
|a Режабек
|b Е. Я.
|g Евгений Ярославович
|4 340
|
| 712 |
0 |
2 |
|a Северо-Кавказский научный центр высшей школы (СКНЦ ВШ)
|c (Ростов-на-Дону)
|2 stltpush
|3 (RuTPU)RU\TPU\col\4383
|
| 801 |
|
0 |
|a RU
|b RuMRKP
|c 19950704
|g psbo
|
| 801 |
|
1 |
|a RU
|b 63413507
|c 20151001
|
| 801 |
|
2 |
|a RU
|b 63413507
|c 20170201
|g RCR
|
| 942 |
|
|
|c BK
|